<?xml version="1.0" encoding="UTF-8"?>
<record
    xmlns:xsi="http://www.w3.org/2001/XMLSchema-instance"
    xsi:schemaLocation="http://www.loc.gov/MARC21/slim http://www.loc.gov/standards/marcxml/schema/MARC21slim.xsd"
    xmlns="http://www.loc.gov/MARC21/slim">

  <leader>01057nam0a22002771  4500</leader>
  <controlfield tag="001">rc\1137758</controlfield>
  <controlfield tag="005">20250622193728.0</controlfield>
  <datafield tag="035" ind1=" " ind2=" ">
    <subfield code="a">(NLR Aleph) 006384495</subfield>
  </datafield>
  <datafield tag="090" ind1=" " ind2=" ">
    <subfield code="a">5104407</subfield>
    <subfield code="c">5104407</subfield>
  </datafield>
  <datafield tag="100" ind1=" " ind2=" ">
    <subfield code="a">20041129d1980    |||y0rusy50      ca</subfield>
  </datafield>
  <datafield tag="101" ind1="0" ind2=" ">
    <subfield code="a">rus</subfield>
  </datafield>
  <datafield tag="102" ind1=" " ind2=" ">
    <subfield code="a">RU</subfield>
  </datafield>
  <datafield tag="105" ind1=" " ind2=" ">
    <subfield code="a">a   |||||||||</subfield>
  </datafield>
  <datafield tag="200" ind1="1" ind2=" ">
    <subfield code="a">&#x420;&#x43E;&#x43B;&#x44C; &#x441;&#x443;&#x440;&#x43A;&#x43E;&#x432; &#x432; &#x444;&#x43E;&#x440;&#x43C;&#x438;&#x440;&#x43E;&#x432;&#x430;&#x43D;&#x438;&#x438; &#x433;&#x43E;&#x440;&#x43D;&#x44B;&#x445; &#x44D;&#x43A;&#x43E;&#x441;&#x438;&#x441;&#x442;&#x435;&#x43C; &#x421;&#x440;&#x435;&#x434;&#x43D;&#x435;&#x439; &#x410;&#x437;&#x438;&#x438;</subfield>
  </datafield>
  <datafield tag="210" ind1=" " ind2=" ">
    <subfield code="a">&#x424;&#x440;&#x443;&#x43D;&#x437;&#x435;</subfield>
    <subfield code="c">&#x418;&#x43B;&#x438;&#x43C;</subfield>
    <subfield code="d">1980</subfield>
  </datafield>
  <datafield tag="215" ind1=" " ind2=" ">
    <subfield code="a">108 &#x441;., 1 &#x43B;. &#x441;&#x445;&#x435;&#x43C;.</subfield>
    <subfield code="c">&#x438;&#x43B;.</subfield>
    <subfield code="d">22</subfield>
  </datafield>
  <datafield tag="300" ind1=" " ind2=" ">
    <subfield code="a">&#x412; &#x43D;&#x430;&#x434;&#x437;&#x430;&#x433;.: &#x410;&#x41D; &#x41A;&#x438;&#x440;&#x433;&#x421;&#x421;&#x420;, &#x422;&#x44F;&#x43D;&#x44C;-&#x428;&#x430;&#x43D;. &#x432;&#x44B;&#x441;&#x43E;&#x43A;&#x43E;&#x433;&#x43E;&#x440;&#x43D;. &#x444;&#x438;&#x437;.-&#x433;&#x435;&#x43E;&#x433;&#x440;. &#x441;&#x442;&#x430;&#x43D;&#x446;&#x438;&#x44F;, &#x418;&#x43D;-&#x442; &#x433;&#x435;&#x43E;&#x433;&#x440;&#x430;&#x444;&#x438;&#x438; &#x410;&#x41D; &#x421;&#x421;&#x421;&#x420;</subfield>
  </datafield>
  <datafield tag="320" ind1=" " ind2=" ">
    <subfield code="a">&#x411;&#x438;&#x431;&#x43B;&#x438;&#x43E;&#x433;&#x440;.: &#x441;. 99-103</subfield>
  </datafield>
  <datafield tag="700" ind1=" " ind2="1">
    <subfield code="a">&#x417;&#x438;&#x43C;&#x438;&#x43D;&#x430;</subfield>
    <subfield code="b">&#x420;.&#x41F;.</subfield>
    <subfield code="f">1923-</subfield>
    <subfield code="g">&#x420;&#x438;&#x43C;&#x43C;&#x430; &#x41F;&#x435;&#x442;&#x440;&#x43E;&#x432;&#x43D;&#x430;</subfield>
  </datafield>
  <datafield tag="701" ind1=" " ind2="1">
    <subfield code="4">070</subfield>
    <subfield code="7">ca</subfield>
    <subfield code="8">rus</subfield>
    <subfield code="a">&#x417;&#x43B;&#x43E;&#x442;&#x438;&#x43D;</subfield>
    <subfield code="b">&#x420;.&#x418;.</subfield>
    <subfield code="f">1940-</subfield>
    <subfield code="g">&#x420;&#x43E;&#x43C;&#x430;&#x43D; &#x418;&#x441;&#x430;&#x435;&#x432;&#x438;&#x447;</subfield>
    <subfield code="9">249161</subfield>
    <subfield code="3">RU\NLR\AUTH\770249217</subfield>
  </datafield>
  <datafield tag="801" ind1=" " ind2="0">
    <subfield code="a">RU</subfield>
    <subfield code="b">NLR</subfield>
    <subfield code="g">psbo</subfield>
  </datafield>
  <datafield tag="801" ind1=" " ind2="1">
    <subfield code="a">RU</subfield>
    <subfield code="b">ELAR</subfield>
    <subfield code="2">rusmarc</subfield>
  </datafield>
  <datafield tag="852" ind1=" " ind2=" ">
    <subfield code="a">NLR</subfield>
    <subfield code="j">80-5/3786</subfield>
  </datafield>
  <datafield tag="942" ind1=" " ind2=" ">
    <subfield code="c">BOOK</subfield>
  </datafield>
  <datafield tag="980" ind1=" " ind2=" ">
    <subfield code="a">NB</subfield>
  </datafield>
  <datafield tag="995" ind1=" " ind2=" ">
    <subfield code="5">2013-10-26</subfield>
    <subfield code="b">NLR01</subfield>
    <subfield code="c">NLR01</subfield>
    <subfield code="e">RF9</subfield>
    <subfield code="f">1-1933068</subfield>
    <subfield code="k">80-5/3786</subfield>
    <subfield code="o">0</subfield>
    <subfield code="r">BOOK</subfield>
    <subfield code="s">8053786_</subfield>
  </datafield>
</record>
